|
วิทยาลัยพยาบาลบรมราชชนนี ยะลา |
|
แสดงรายละเอียดบรรณานุกรม |
|
|
Brief Record
: Get Marc (ISO 2709)
: E-mail record
: |
|
|
|
| LEADER 00000nam 2200000uu 4500 | |||
| 001 3827 | |||
| 003 ULIBM | |||
| 008 241002s2566||||th 000 0 tha d | |||
| 020 ^a9789740342526 | |||
| 050 4 ^aPL4177^bจ512ภ | |||
| 100 0 ^aจิรวัฒน์ เพชรรัตน์ | |||
| 245 10 ^aภาษาไทยเพื่อการนำเสนองานแบบมืออาชีพ =^bThai for profressional presentation/^cจิรวัฒน์ เพชรรัตน์ | |||
| 246 00 ^aThai for profressional presentation | |||
| 250 ^aพิมพ์ครั้งที่ 1 | |||
| 260 ^aกรุงเทพฯ:^bสำนักพิมพ์จุฬาลงกรณ์มหาวิทยาลัย,^c2566. | |||
| 300 ^a306 หน้า ;^c26 ซม. | |||
| 650 7 ^aภาษาไทย -- การใช้ภาษา | |||
| 650 0 ^aภาษาไทย -- การเขียน | |||
| 650 0 ^aการพูดในชุมนุมชน | |||
| 999 ^aอีมาน | |||
| คุณยังไม่ได้ล็อกอิน คุณสามารถมีกิจกรรมร่วมกับเว็บไซต์ได้ แต่ต้องล็อกอินก่อน :: |
|
| สถานะ | |||||||||
| 1. | หนังสือทั่วไป | PL4177 จ512ภ 2566 ฉ.1 | ►หนังสือทั่วไปภาษาไทย | On Shelf | |||||
| 2. | หนังสือทั่วไป | PL4177 จ512ภ 2566 ฉ.2 | ►หนังสือทั่วไปภาษาไทย | On Shelf | |||||
| 3. | หนังสือทั่วไป | PL4177 จ512ภ 2566 ฉ.3 | ►หนังสือทั่วไปภาษาไทย | On Shelf | |||||
| 4. | หนังสือทั่วไป | PL4177 จ512ภ 2566 ฉ.4 | ►หนังสือทั่วไปภาษาไทย | On Shelf | |||||
| 5. | หนังสือทั่วไป | PL4177 จ512ภ 2566 ฉ.5 | ►หนังสือทั่วไปภาษาไทย | ถูกยืม กำหนดส่งวันที่ จอง | |||||
| [แสดง 5/5 รายการ] | |||||||||
| รายการใกล้เคียง หัวเรื่อง [ภาษาไทย -- การเขียน] |
BibComment |
| คอมเมนท์ทรัพยากรรายการนี้ |
|
|